| 000 | 00631nam a2200217Ia 4500 | ||
|---|---|---|---|
| 001 | 17220 | ||
| 003 | GE_BSU | ||
| 008 | 181216s||||||||xx |||||||||||||| ||und|| | ||
| 040 | _cGE_BSU | ||
| 080 | _a821.353.1-11 | ||
| 100 | _aეული, სანდრო (ქურიძე) | ||
| 245 | _aეპოქის ავტორი | ||
| 245 | _cრედ. ი. აბაშიძე | ||
| 260 | _aთბილისი | ||
| 260 | _bფედერაცია | ||
| 260 | _c1941 | ||
| 300 | _a57 გვ.18სმ. | ||
| 653 | _aეპოქის ავტორი | ||
| 653 | _aსტალინი ი.; | ||
| 942 | _cBK | ||
| 999 |
_c50281 _d50281 |
||